Artificial Intelligence with Python / (Record no. 14291)
[ view plain ]
| 000 -LEADER | |
|---|---|
| fixed length control field | 00714nam a2200241 a 4500 |
| 001 - CONTROL NUMBER | |
| JCCL Control Number | 14291 |
| 003 - CONTROL NUMBER IDENTIFIER | |
| JCCL marc code | BD-JhCC |
| 005 - DATE AND TIME OF LATEST TRANSACTION | |
| control field | 20250227123221.0 |
| 008 - FIXED-LENGTH DATA ELEMENTS--GENERAL INFORMATION | |
| fixed length control field | 210301b2022 si a|||| ||a| 001 0 eng d |
| 020 ## - INTERNATIONAL STANDARD BOOK NUMBER | |
| International Standard Book Number | 9789811686153 |
| 035 ## - SYSTEM CONTROL NUMBER | |
| system control number | (BD-JhCC)14291 |
| 040 ## - CATALOGING SOURCE | |
| Original cataloging agency | BD-JhCC |
| Modifying agency | BD-JhCC |
| 041 ## - LANGUAGE CODE | |
| Language code of Book | eng |
| 082 ## - DEWEY DECIMAL CLASSIFICATION NUMBER | |
| Classification number | 005.133 |
| Author mark and Year | TEO 2022 |
| 100 ## - MAIN ENTRY--PERSONAL NAME | |
| Personal name | Teik Toe Teoh |
| 245 ## - TITLE STATEMENT | |
| Title | Artificial Intelligence with Python / |
| Statement of responsibility, etc | Teik Toe Teoh, Zheng Rong |
| 260 ## - PUBLICATION, DISTRIBUTION, ETC. (IMPRINT) | |
| Place of publication, distribution, etc | ঢাকা: |
| Name of publisher, distributor, etc | সিসটেক পাবলিকেশন্স লিমিটেড; |
| Date of publication, distribution, etc | 2019. |
| 300 ## - PHYSICAL DESCRIPTION | |
| Pagination | 335 p. : |
| Other physical details | ill |
| Dimensions | 24 cm. |
| 650 ## - SUBJECT ADDED ENTRY--TOPICAL TERM | |
| Topical term or geographic name as entry element | Python (Computer program language) |
| 700 ## - ADDED ENTRY--PERSONAL NAME | |
| Personal name | Rong, Zheng |
| 942 ## - ADDED ENTRY ELEMENTS (KOHA) | |
| Source of classification or shelving scheme | Dewey Decimal Classification |
| Koha item type | Books |
| Source of classification or shelving scheme | Damaged status | Not for loan | Home library | Current library | Shelving location | Date of accession | Cost, normal purchase price | Total Checkouts | Full call number | Barcode | Date last seen | Date checked out | Copy number | Method of acquisition | Koha item type | Currency |
|---|---|---|---|---|---|---|---|---|---|---|---|---|---|---|---|---|
| Dewey Decimal Classification | JCC Rouf Library | JCC Rouf Library | General Stacks | 380.00 | 2 | 005.133 TEO 2022 | 20040 | 11/09/2025 | 07/30/2025 | C-1 | Purchase | Books | BDT | |||
| Dewey Decimal Classification | JCC Rouf Library | JCC Rouf Library | General Stacks | 380.00 | 2 | 005.133 TEO 2022 | 20041 | 01/20/2026 | 11/19/2025 | C-2 | Purchase | Books | BDT |